UM Logo

Comparative economics/ (Record no. 6841)

MARC details
000 -LEADER
fixed length control field 00509nam a2200157 4500
008 - FIXED-LENGTH DATA ELEMENTS--GENERAL INFORMATION
fixed length control field 170505b xxu||||| |||| 00| 0 eng d
020 ## - INTERNATIONAL STANDARD BOOK NUMBER
International Standard Book Number 0-13-140229-3
082 ## - DEWEY DECIMAL CLASSIFICATION NUMBER
Edition number 1992
Classification number DC 330
Item number An4
100 ## - MAIN ENTRY--PERSONAL NAME
9 (RLIN) 20706
Personal name Angresano, James
245 ## - TITLE STATEMENT
Title Comparative economics/
Statement of responsibility, etc. James Angresano
260 ## - PUBLICATION, DISTRIBUTION, ETC. (IMPRINT)
Place of publication, distribution, etc. Englewood Cliffs, New Jersey:
Name of publisher, distributor, etc. Prentice Hall,
Date of publication, distribution, etc. c1992.
300 ## - PHYSICAL DESCRIPTION
Extent xiv, 498 pages;
Dimensions 24 cm.
500 ## - GENERAL NOTE
General note Includes bibliographical references and index.
650 #0 - SUBJECT ADDED ENTRY--TOPICAL TERM
9 (RLIN) 20707
Topical term or geographic name as entry element Comparative economics
942 ## - ADDED ENTRY ELEMENTS (KOHA)
Source of classification or shelving scheme Dewey Decimal Classification
Koha item type Circulation
Holdings
Withdrawn status Lost status Source of classification or shelving scheme Damaged status Not for loan Collection code Home library Current library Date acquired Source of acquisition Cost, normal purchase price Total Checkouts Full call number Barcode Date last seen Copy number Price effective from Koha item type
    Dewey Decimal Classification     Circulation UM Digos College - LIC UM Digos College - LIC 04/03/2000 Purchased 2818.00   DC 330 An4 1992 14098 05/15/2025 1 05/05/2017 Circulation